000 00329nam a22001337a 4500
008 181204b xxu||||| |||| 00| 0 eng d
020 _a9780495507154
041 _aeng
080 _24 th
_a321
100 _a22
101 _apol
245 _aGeneralist Practice With Oragnizations Communities
_cKaren.k.k
942 _2udc
_cBK
999 _c52748
_d52748